01087 a2200145 4500003000500000005001700005040000900022082001500031100002500046245005900071260003900130300001100169505072900180650003200909Nust20230201150432.0 cNust a935.05,AKR aLt. Gen. A. I. Akram aThe Muslim conquest of Persia / cLt. Gen. A. I. Akram aLahorebArmy education pressc2001 a333 p. aThe Name Of Allah (Page-1), The Change Of Commend (Page-15), The Victories And Defeat (Page-22), The Battle Of Buweib (Page-41), Umer And Sad (Page-53), Yazdjurd And Rustam (Page-68), The Eve Of Qadisiyya (Page-84), The Day Of Disorder (Page-109), The Day Of Succor (Page-121), The Day Of Hardship (Page-134), The Night Of Qadisiyya (Page-145), On To Ctesiphon (Page-159), The Conquest Of Ctesiphon (Page-172), The Battle Of Jalaula (Page-185), The Consolidation Of Iraq (Page-208), The Conquest Of Ahwaz (Page-220), The Con1uest Of Tustar (Page-233), The Rest Of Khuzistan (Page-244), The Persians March Again (Page-253), The Battle Of Nihawand (Page-265), The Fall Of Persia (Page-289), The Last Of The Sasanis (Page-301). aThe Muslim conquest--Persia